000 00587nam a22002297a 4500
003 UA-OsUOA
001 42084
007 ta
008 20081119b un ||||| |||| 00| 0 ukr d
100 _aІларіон
090 _a82.1
_bИ99
942 _cBK
040 _aUA-OsUOA
_bukr
_cUA-OsUOA
_dUA-OsUOA
245 _aТвори
_bТ.1
_cФілософські містерії
300 _a336 с.
955 _a3
041 _aukr
080 _a82.1
260 _aВінніпег
_c1957
650 7 _a82 Література. Літературознавство
_2UDC
999 _c440583
_d440583